000
00321nam a22001337a 4500
008
170601b xxu||||| |||| 00| 0 eng d
020
_a
9780060926434
041
_a
eng
080
_a
94(7/8)
100
_a
17
101
_a
SHH
245
_a
PEOPLE'S HISTORY OF THE UNITED STATES 1492-PRESENT
_c
ZINN,H
942
_2
udc
_c
BK
999
_c
15193
_d
15193